| 000 | 00381nam a2200133Ia 4500 | ||
|---|---|---|---|
| 003 | GCL | ||
| 008 | 140319s9999 xx 000 0 ara d | ||
| 040 |
_aGCL / _cGCL |
||
| 082 | 0 | 4 |
_a709.2 _bص ط |
| 100 | 1 | _aصفاء الطوخى | |
| 245 | 1 | 0 |
_aطائر الفن المحترق / _cصفاء الطوخى |
| 300 | _a153 ص | ||
| 490 |
_aمطبوعات المسرح الكوميدى _v0 |
||
| 999 |
_c47599 _d47599 |
||